000 01275nam a2200313 a 4500
999 _c131422
_d131422
003 BLK
005 20250801140335.0
008 180409b bul|||||r ||||||| ||bul||
010 _aKNG00137239000
020 _a978-954-8396-52-3
040 _aBLK
041 _aBUL
_cBUL
072 7 _2bullib
_aН85
_xДетска художествена литература Н
080 _aАмериканска литература (на САЩ)
_b821.111(73)
_x-93-32
_z821.111(73)-93-32
100 1 _aКини, Джеф
_eпърви автор
_9309890
139 _aКини, Джеф
_bК 54
245 1 0 _aДневникът на един Дръндьо : Чашата преля : Ч.3
_cДжеф Кини; прев. Михаил Балабанов.
257 _aUSA
260 _bДУО ДИЗАЙН
_c2012
_aСофия
300 _a218 с.
_bс ил.
_c20 см
380 _aDX
500 _aОриг. загл. Diary of a Wimpy Kid. The Last Straw / Jeff Kinney. Кн. 3
700 _aБалабанов, Михаил Петров
_eпрев. от англ.
_91021
852 _aЦб 255103
_bЦб
856 4 _qpdf
_i0.00
_ldisable
856 4 _qpdf
_i0.00
_ldisable
942 _cKNG
_n0
_0404
_s1
944 _aCR
_c07.11.2008
_lИва Цветкова
_k30543